Word Ladder: Cookware Quiz Stats

 Plays Quiz Updated Oct 9, 2017

Challenge
Share
Tweet
Embed
Score 0/11 Timer 01:30
1 Play Today
Clue 4-Letter Word % Correct
Opposite of future PAST
98%
Not a win LOSS
97.8%
Almost all MOST
96%
Rootless plant MOSS
94.1%
A pole rising from the keel or the deckMAST
94%
Throw PASS
84.8%
Piece PART
83.9%
Store MART
82.3%
Excessive amount of something LOTS
73.9%
The partner of the [Last Rung] in cooking•POTS•
59.9%
The partner of the [First Rung] in cooking•PANS•
59.4%

Today's Daily Dose

You're not logged in!

Compare scores with friends on all Sporcle quizzes.
Join for Free
OR
Log In

You Might Also Like...

Show Comments

Extras

Top Quizzes Today


Score Distribution

Your Account Isn't Verified!

In order to create a playlist on Sporcle, you need to verify the email address you used during registration. Go to your Sporcle Settings to finish the process.

Report this User

Report this user for behavior that violates our Community Guidelines.

Details: